|
|
|
|
| LEADER |
00000nam a2200000 a 4500 |
| 001 |
vtls010271294 |
| 003 |
SK-MaSNL |
| 005 |
20260331205538.0 |
| 008 |
180809s2010 xo a a 000 0 slo |
| 015 |
|
|
|a SNBA2012/04-02328
|
| 020 |
|
|
|a 9788081120787
|q (viaz.)
|
| 040 |
|
|
|a SNK
|b slo
|c SNK
|e AACR2
|
| 041 |
0 |
|
|a slo
|
| 044 |
|
|
|a xo
|c SK
|
| 072 |
|
7 |
|a 821-93
|x Literatúra pre deti a mládež (beletria)
|2 konspekt
|
| 080 |
|
|
|a 821-93
|2 2001
|
| 080 |
|
|
|a (0.025.2)
|2 2001
|
| 100 |
1 |
|
|a Dumitrescu, Ophelia
|4 ill
|9 327572
|
| 245 |
1 |
0 |
|a Zvieracie rodinky
|c ilustrácie: Ophelia Dumitrescu
|
| 250 |
|
|
|a 1. slov vyd.
|
| 260 |
|
|
|a Bratislava
|b Slovart Print
|c 2010
|
| 300 |
|
|
|a [16] s.
|b ilustr.
|c 10 x 11 cm
|
| 500 |
|
|
|a Kartónové listy
|
| 655 |
|
7 |
|a publikácie pre deti
|2 SNKPH
|9 70148
|
| 655 |
|
7 |
|a leporelá
|2 SNKPH
|9 60414
|
| 919 |
|
|
|a 978-80-8112-078-7
|
| 958 |
|
|
|a DB
|
| 968 |
|
|
|d 0
|
| 999 |
|
|
|c 1007140
|d 1009070
|
| 952 |
|
|
|a SNK
|b SNK
|y PREZ
|7 0
|p 17A0696171
|o snkOSE 4655
|i snk2011/8704
|8 0
|0 0
|1 0
|4 0
|d 2011-04-14
|l 0
|r 2026-02-24 12:39:56
|w 2026-02-24
|
| 952 |
|
|
|a SNK
|b SNK
|y PREZ
|7 0
|p 17A0696172
|o snkOSE 4655 D1
|i snk2011/8705
|8 0
|0 0
|1 0
|4 0
|d 2011-04-14
|l 0
|r 2026-02-24 12:39:56
|w 2026-02-24
|